Ja Rusyn

Bibliographic Details
Main Author: Stavrovský-Popradov, Július, 1850-1899 (Author)
Format: Article
Language:Ukrainian
ISSN:1339-5483
Subjects:

MARC

LEADER 00000nab a2200000 4500
001 vtls012060071
003 SK-MaSNL
005 20260304183042.0
008 210628c2021 xo br|p || ||00 c0ukr
015 |a SNBRB2021/06 
038 |a SVKPOCL 
040 |a SVKPOCL  |b slo  |c SVKPOCL  |e rda 
041 0 |a ukr 
044 |a xo  |c SK 
072 7 |a 821.161  |x Východoslovanské literatúry  |2 konspekt 
080 |a 821.161.25(437.6)-1  |2 2011 
080 |a (437.6)  |2 2011 
100 1 |a Stavrovský-Popradov, Július,  |d 1850-1899  |4 aut  |9 121837 
245 1 0 |a Ja Rusyn  |c Julij Stavrovs'kўj-Popradov 
336 |a text  |b txt  |2 rdacontent 
337 |a bez média  |b n  |2 rdamedia 
338 |a zväzok  |b nc  |2 rdacarrier 
500 |a V rubrike Pozdravl'iňa Rusyniv na rik 2021 č. 1 
650 0 7 |a rusínska literatúra  |2 SNKPH  |9 1293 
650 0 7 |a rusínska poézia  |2 SNKPH  |9 1292 
650 0 7 |a rusínske básne  |2 svkpocl  |9 1087872 
655 7 |a rusínska poézia  |2 SNKPH  |9 70717 
773 0 |t Rusyn  |g Roč. XXXI, č. 1 (2021), s. 14  |x 1339-5483 
787 0 8 |i Z knihy:  |a Choma, Vasiľ, 1927-2017  |t Rusyn'ska literatura pro 2. klasu seredn'ich škol z navčanjom rusyn'skoho jazyka  |d Prjašiv: Rusyn'ska obroda, 2003  |z 8088769493  |w 8088769493 
852 |a SVKPO  |b KIS3GCP 
958 |a RN 
958 |a SS 
958 |a LX 
958 |a MN 
958 |a SK 
999 |c 3032882  |d 3034812